000 00615nam a2200193Ia 4500
008 0000001974 fr a 0000000000fre00
020 _a2850250058
090 _aPSP00 D66m
100 1 _aDopagne, Jacques
245 1 0 _aMiró
_c/ Jacques Dopagne
300 _a87 p.
_c/ 18 cm.
500 _aCon el patronazgo del maestro venezolano Jesús Rafael Soto (q.e.p.d.) \
600 0 0 _aMIRO, JOAN, 18931983/
_xTRABAJOS PICTORICOS
650 1 4 _aARTE MODERNO ESPAÑOL
650 1 4 _xCATALOGOS
650 1 4 _aPINTORES ESPAÑOLES
650 1 4 _aPINTURA ESPAÑOLA
999 _c5872
_d5872
260 _aParis : Fernand Hazan
_c1974